[Event "Litomysl 2008"]
[Site "?"]
[Date "2008.12.26"]
[Round "1.1"]
[White "Krupa, Krzysztof"]
[Black "Sergeev, Vladimir"]
[Result "0-1"]
[WhiteElo "2106"]
[BlackElo "2519"]
[PlyCount "70"]
[EventDate "2008.12.26"]

1. e4 Nf6 2. e5 Nd5 3. Nc3 Nxc3 4. bxc3 d5 5. d4 c5 6. Bb5+ Bd7 7. Rb1 Bxb5 8.
Rxb5 Qd7 9. a4 e6 10. Ba3 a6 11. Rb6 Qxa4 12. Qc1 Qa5 13. Qb2 cxd4 14. Bxf8
Kxf8 15. Ne2 dxc3 16. Qb1 Nd7 17. Rxb7 Ke7 18. O-O Rhb8 19. Nd4 Qc5 20. Rd1 Ke8
21. Nf3 h6 22. g4 a5 23. g5 hxg5 24. Rxb8+ Rxb8 25. Qc1 g4 26. Ng5 Rb4 27. Re1
Qd4 28. Re3 Qf4 29. h4 d4 30. Re1 Qxc1 31. Rxc1 Nxe5 32. Kg2 Ke7 33. Kg3 a4 34.
Ne4 f5 35. Ng5 Nf7 0-1

[Event "Litomysl 2008"]
[Site "?"]
[Date "2008.12.26"]
[Round "1.2"]
[White "Heberla, Bartlomiej"]
[Black "Lorenc, Oldrich"]
[Result "1-0"]
[WhiteElo "2485"]
[BlackElo "2106"]
[PlyCount "118"]
[EventDate "2008.12.26"]

1. e4 g6 2. d4 Bg7 3. Nc3 d6 4. Bg5 c6 5. Qd2 Qc7 6. f4 Nf6 7. Nf3 Bg4 8. O-O-O
Nbd7 9. Be2 a6 10. h3 Bxf3 11. Bxf3 Nb6 12. Rhe1 O-O 13. f5 Nc4 14. Qe2 b5 15.
e5 dxe5 16. dxe5 Ne8 17. fxg6 hxg6 18. Bf4 Rc8 19. b3 Qa5 20. Nb1 Nb6 21. a3
Nd5 22. Bxd5 cxd5 23. Qd2 Qxd2+ 24. Nxd2 Nc7 25. Nf3 Ne6 26. Be3 Rfd8 27. Bb6
Rd7 28. Kb1 Rb7 29. Be3 Rbc7 30. Re2 Nc5 31. Bxc5 Rxc5 32. e6 fxe6 33. Ng5 e5
34. Ne6 d4 35. Nxc5 Rxc5 36. h4 Bf6 37. Re4 Kf7 38. Rg4 a5 39. Rd3 Rc8 40. Rdg3
Rh8 41. Kc1 Ke6 42. Rf3 Rh6 43. g3 Kd5 44. Kd2 b4 45. axb4 axb4 46. Kd3 Rh5 47.
Rf1 g5 48. hxg5 Rxg5 49. Rxg5 Bxg5 50. Rf5 Be3 51. g4 e6 52. Rh5 Bf4 53. Ke2
Kd6 54. Kf3 Kd5 55. g5 e4+ 56. Kxf4 e5+ 57. Kf5 d3 58. cxd3 exd3 59. g6 d2 1-0

[Event "Litomysl 2008"]
[Site "?"]
[Date "2008.12.26"]
[Round "1.3"]
[White "Trhal, Tomas"]
[Black "Simacek, Pavel"]
[Result "0-1"]
[WhiteElo "2091"]
[BlackElo "2477"]
[PlyCount "48"]
[EventDate "2008.12.26"]

1. e4 e5 2. Nf3 Nc6 3. Bc4 Nf6 4. d4 exd4 5. e5 d5 6. Bb5 Ne4 7. Nxd4 Bd7 8.
Bxc6 bxc6 9. O-O Bc5 10. Be3 Bb6 11. f3 Nc5 12. Nd2 O-O 13. Re1 Re8 14. f4 f6
15. N2f3 Ne4 16. exf6 Qxf6 17. Ne5 Rad8 18. c3 c5 19. Nb3 Bf5 20. Nd2 c4 21.
Nxe4 Bxe4 22. Bxb6 Qxb6+ 23. Qd4 Qxb2 24. Rxe4 Qxa1+ 0-1

[Event "Litomysl 2008"]
[Site "?"]
[Date "2008.12.26"]
[Round "1.4"]
[White "Petr, Martin"]
[Black "Czyz, Artur"]
[Result "1-0"]
[WhiteElo "2452"]
[BlackElo "2085"]
[PlyCount "39"]
[EventDate "2008.12.26"]

1. e4 e6 2. d4 d5 3. Nd2 dxe4 4. Nxe4 Bd7 5. Nf3 Bc6 6. Bd3 Nd7 7. c4 Ngf6 8.
Nc3 Be7 9. O-O Bxf3 10. Qxf3 c6 11. Re1 O-O 12. Bf4 Re8 13. Rad1 Nf8 14. d5
cxd5 15. cxd5 exd5 16. Bb5 N8d7 17. Nxd5 Qa5 18. Bxd7 Nxd5 19. Bxe8 Nxf4 20.
Qxf4 1-0

[Event "Litomysl 2008"]
[Site "?"]
[Date "2008.12.26"]
[Round "1.5"]
[White "Trojan, Lubos"]
[Black "Manik, Mikulas"]
[Result "1/2-1/2"]
[WhiteElo "2084"]
[BlackElo "2448"]
[PlyCount "85"]
[EventDate "2008.12.26"]

1. d4 Nf6 2. Nf3 g6 3. g3 c5 4. c3 b6 5. Bg2 Bb7 6. Qb3 Qc8 7. Nbd2 cxd4 8.
cxd4 Bd5 9. Qd3 Qb7 10. b3 Bg7 11. Bb2 O-O 12. O-O Ne4 13. Ne1 Nxd2 14. Qxd2
Bxg2 15. Nxg2 d5 16. Rfc1 Nc6 17. e3 Rfc8 18. Nf4 e6 19. Nd3 Ne7 20. Ba3 Nf5
21. Rxc8+ Rxc8 22. Rc1 h5 23. Bb4 Bf6 24. a4 Kg7 25. Rc3 Be7 26. Rxc8 Qxc8 27.
Bxe7 Nxe7 28. Nb4 a5 29. Nd3 f6 30. Qc1 Qxc1+ 31. Nxc1 Nc6 32. f4 Nb4 33. Kf1
g5 34. Ke2 Kg6 35. fxg5 fxg5 36. h3 Kf5 37. Nd3 Nc6 38. Nf2 e5 39. g4+ hxg4 40.
hxg4+ Kf6 41. Kd3 e4+ 42. Kc3 Nb4 43. Kd2 1/2-1/2

[Event "Litomysl 2008"]
[Site "?"]
[Date "2008.12.26"]
[Round "1.6"]
[White "Strebkovs, Andrejs"]
[Black "Cagara, Paulina"]
[Result "1/2-1/2"]
[WhiteElo "2441"]
[BlackElo "2075"]
[PlyCount "76"]
[EventDate "2008.12.26"]

1. d4 f5 2. Bg5 Nf6 3. Bxf6 exf6 4. e3 g6 5. Bd3 d5 6. h4 Be6 7. Qf3 Qd7 8. Ne2
Bd6 9. Nf4 Bxf4 10. Qxf4 Nc6 11. Nc3 Nb4 12. O-O-O Nxd3+ 13. cxd3 O-O 14. e4 b6
15. Rhe1 Rae8 16. f3 c5 17. exf5 Bxf5 18. Rxe8 Rxe8 19. g4 Be6 20. Qxf6 Rf8 21.
Qe5 Rxf3 22. h5 Qf7 23. hxg6 hxg6 24. Re1 Rf1 25. Rxf1 Qxf1+ 26. Kc2 Bf7 27.
dxc5 bxc5 28. Qb8+ Kg7 29. Qxa7 Qf2+ 30. Kc1 Qe3+ 31. Kc2 Qf2+ 32. Kd1 Qf3+ 33.
Ke1 Qg3+ 34. Kd2 Qf4+ 35. Kc2 Qf2+ 36. Kd1 Qf3+ 37. Ke1 Qg3+ 38. Kd2 Qf4+
1/2-1/2

[Event "Litomysl 2008"]
[Site "?"]
[Date "2008.12.26"]
[Round "1.7"]
[White "Ruzicka, Milan"]
[Black "Cernousek, Lukas"]
[Result "0-1"]
[WhiteElo "2074"]
[BlackElo "2435"]
[PlyCount "118"]
[EventDate "2008.12.26"]

1. d4 d5 2. Nf3 Nf6 3. Bf4 c5 4. e3 Nc6 5. c3 Nh5 6. Be5 f6 7. Nh4 g6 8. Bg3
Qb6 9. Qb3 g5 10. Nf3 Nxg3 11. hxg3 c4 12. Qc2 Be6 13. Nbd2 Bf7 14. b3 Bg6 15.
Qc1 cxb3 16. axb3 e6 17. Be2 Rc8 18. O-O Bd6 19. c4 Qd8 20. c5 Bb8 21. Qc3 h5
22. Bd3 Bxd3 23. Qxd3 f5 24. Rfe1 Rc7 25. Ra4 Rg7 26. b4 h4 27. b5 Ne7 28. g4
fxg4 29. Ne5 g3 30. e4 gxf2+ 31. Kxf2 dxe4 32. Qxe4 O-O+ 33. Kg1 Rf4 34. Qd3
Nf5 35. Re4 Bxe5 36. Rxe5 Rxd4 37. Rxd4 Qxd4+ 38. Qxd4 Nxd4 39. b6 axb6 40.
cxb6 Kf7 41. Ne4 g4 42. Nd6+ Kf6 43. Re4 e5 44. Ne8+ Kf5 45. Nd6+ Ke6 46. Nxb7
Rxb7 47. Rxg4 Kf5 48. Rxh4 Rxb6 49. Kf2 Rb2+ 50. Kg3 Ne2+ 51. Kf3 e4+ 52. Ke3
Ng3 53. Rh8 Re2+ 54. Kd4 Rxg2 55. Rf8+ Kg4 56. Ke3 Re2+ 57. Kd4 Rd2+ 58. Ke3
Rd3+ 59. Kf2 Rf3+ 0-1

[Event "Litomysl 2008"]
[Site "?"]
[Date "2008.12.26"]
[Round "1.8"]
[White "Kanovsky, David"]
[Black "Kratochvil, Josef"]
[Result "1-0"]
[WhiteElo "2431"]
[BlackElo "2071"]
[PlyCount "53"]
[EventDate "2008.12.26"]

1. e4 e6 2. d4 d5 3. Nc3 Nf6 4. e5 Nfd7 5. f4 c5 6. Nf3 Nc6 7. Be3 a6 8. Qd2 b5
9. dxc5 Nxc5 10. Qf2 b4 11. Bxc5 bxc3 12. b3 Qa5 13. Bb6 Qb4 14. Be3 Bd7 15.
Bd3 Be7 16. O-O g6 17. a3 Qb7 18. b4 Na7 19. Nd4 Ba4 20. Rfb1 O-O 21. f5 Nb5
22. f6 Bd8 23. Qf4 Kh8 24. Rf1 Rg8 25. Qh6 Nxd4 26. Bxd4 Bb6 27. Rf3 1-0

[Event "Litomysl 2008"]
[Site "?"]
[Date "2008.12.26"]
[Round "1.9"]
[White "Janocko, Petr"]
[Black "Popcev, Milko Jordanov"]
[Result "0-1"]
[WhiteElo "2047"]
[BlackElo "2426"]
[PlyCount "92"]
[EventDate "2008.12.26"]

1. d4 d6 2. Nf3 Bg4 3. c4 c6 4. Nc3 Nf6 5. Qb3 Qc7 6. Bf4 Nbd7 7. c5 Bxf3 8.
exf3 e5 9. cxd6 Bxd6 10. dxe5 Bxe5 11. Bxe5 Qxe5+ 12. Be2 Nc5 13. Qc2 Ne6 14.
O-O Nd4 15. Qd3 O-O-O 16. Rad1 Rhe8 17. Ne4 Nxe4 18. fxe4 Nxe2+ 19. Qxe2 Rxd1
20. Qxd1 Qxe4 21. Qb3 Qe6 22. Qa4 a6 23. h3 g6 24. Rc1 h5 25. a3 Rd8 26. Qb4
Qd6 27. Qb3 Qd2 28. Rf1 Rd5 29. a4 Kb8 30. Qg3+ Ka7 31. Qb3 Qd3 32. Qb4 Qd4 33.
Qa3 Rf5 34. b3 g5 35. Qa2 g4 36. hxg4 hxg4 37. Qc2 Rh5 38. Rd1 Qh8 39. Kf1 Qe5
40. g3 Rh1+ 41. Kg2 Rxd1 42. Qxd1 Qd5+ 43. Qxd5 cxd5 44. f3 gxf3+ 45. Kxf3 Kb6
46. b4 a5 0-1

[Event "Litomysl 2008"]
[Site "?"]
[Date "2008.12.26"]
[Round "1.10"]
[White "Chojnacki, Krzysztof"]
[Black "Framberk, Jan"]
[Result "1-0"]
[WhiteElo "2426"]
[BlackElo "2042"]
[PlyCount "37"]
[EventDate "2008.12.26"]

1. e4 c5 2. Nf3 d6 3. d4 cxd4 4. Nxd4 Nf6 5. Nc3 Nc6 6. Bc4 e6 7. Be3 Be7 8.
Qe2 a6 9. O-O-O O-O 10. Rhg1 Nxd4 11. Bxd4 b5 12. Bb3 Qc7 13. g4 Bb7 14. g5 Nd7
15. Qh5 Nc5 16. Bf6 Nxb3+ 17. axb3 b4 18. Qh6 Bxf6 19. gxf6 1-0

[Event "Litomysl 2008"]
[Site "?"]
[Date "2008.12.26"]
[Round "1.12"]
[White "Plat, Vojtech"]
[Black "Zeman, Arnost"]
[Result "1-0"]
[WhiteElo "2411"]
[BlackElo "2030"]
[PlyCount "41"]
[EventDate "2008.12.26"]

1. e4 c5 2. Nf3 e6 3. d4 cxd4 4. Nxd4 a6 5. Nc3 Qc7 6. g3 Be7 7. Bg2 Nf6 8. O-O
O-O 9. Be3 d6 10. f4 Nbd7 11. Kh1 Rd8 12. g4 Ne8 13. f5 Ne5 14. g5 Nc4 15. Bc1
Rb8 16. Bh3 b5 17. fxe6 fxe6 18. Nxe6 Bxe6 19. Bxe6+ Kh8 20. Nd5 Qb7 21. Rf7
1-0

[Event "Litomysl 2008"]
[Site "?"]
[Date "2008.12.26"]
[Round "1.14"]
[White "Biolek, Richard Jr"]
[Black "Mrna, Vladimir"]
[Result "1/2-1/2"]
[WhiteElo "2406"]
[BlackElo "2004"]
[PlyCount "40"]
[EventDate "2008.12.26"]

1. e4 c5 2. Nf3 Nc6 3. d4 cxd4 4. Nxd4 g6 5. c4 Nf6 6. Nc3 Nxd4 7. Qxd4 d6 8.
Be2 Bg7 9. O-O O-O 10. Qd1 Be6 11. Be3 Qa5 12. Rc1 Rfc8 13. b3 b5 14. Nxb5 Nxe4
15. Bf3 f5 16. Bd4 Bh6 17. Rc2 d5 18. Bxe4 fxe4 19. Bc3 Qb6 20. Bd4 Qa5 1/2-1/2

[Event "Litomysl 2008"]
[Site "?"]
[Date "2008.12.26"]
[Round "1.17"]
[White "Pekar, Vaclav"]
[Black "Sabol, Marian"]
[Result "0-1"]
[WhiteElo "1964"]
[BlackElo "2354"]
[PlyCount "32"]
[EventDate "2008.12.26"]

1. Nc3 d5 2. e4 c6 3. d4 g6 4. Nf3 Bg7 5. Bf4 Bg4 6. e5 e6 7. h3 Bxf3 8. Qxf3
Ne7 9. O-O-O Nd7 10. h4 h5 11. g4 a6 12. Be2 c5 13. gxh5 cxd4 14. Rxd4 gxh5 15.
Rg1 Nxe5 16. Qh1 N5g6 0-1

[Event "Litomysl 2008"]
[Site "?"]
[Date "2008.12.26"]
[Round "1.18"]
[White "Stachowiak, Kamil"]
[Black "Kolasin, Jan"]
[Result "1-0"]
[WhiteElo "2351"]
[BlackElo "1954"]
[PlyCount "61"]
[EventDate "2008.12.26"]

1. d4 Nf6 2. Nf3 g6 3. g3 Bg7 4. Bg2 O-O 5. c4 d6 6. Nc3 Nbd7 7. O-O e5 8. e4
c6 9. h3 Qe7 10. Be3 Ne8 11. Re1 f5 12. dxe5 Nxe5 13. Nxe5 dxe5 14. Na4 Qf6 15.
exf5 gxf5 16. Qd2 Be6 17. Nc5 f4 18. gxf4 Rd8 19. fxe5 Qh4 20. Qxd8 Qxd8 21.
Nxe6 Qh4 22. Nxf8 Kxf8 23. f4 Bh6 24. Bc5+ Kg8 25. Re4 Qg3 26. Rf1 b6 27. f5
Ng7 28. Bd4 c5 29. Bc3 Qd3 30. e6 Be3+ 31. Kh2 1-0

[Event "Litomysl 2008"]
[Site "?"]
[Date "2008.12.26"]
[Round "1.20"]
[White "Cerveny, Martin"]
[Black "Cizinsky, Petr"]
[Result "1-0"]
[WhiteElo "2320"]
[BlackElo "1937"]
[PlyCount "65"]
[EventDate "2008.12.26"]

1. d4 d5 2. c4 e6 3. Nc3 Nf6 4. cxd5 exd5 5. Bg5 Be7 6. e3 Nbd7 7. Bd3 O-O 8.
Nge2 c6 9. Qc2 Re8 10. O-O h6 11. Bh4 Ne4 12. Bxe7 Qxe7 13. Rae1 Ndf6 14. f3
Ng5 15. Ng3 Be6 16. a3 Rad8 17. Nce2 Qc7 18. h4 Ngh7 19. e4 dxe4 20. fxe4 Ng4
21. Rf3 Nf8 22. h5 Nh7 23. Qc3 Ng5 24. Rf4 Re7 25. Bb1 Rd6 26. e5 Rd8 27. Bf5
Qd7 28. Ref1 g6 29. hxg6 fxg6 30. Bxg6 Rg7 31. Bf5 Bxf5 32. Nxf5 Rf7 33. Qg3
1-0

[Event "Litomysl 2008"]
[Site "?"]
[Date "2008.12.26"]
[Round "1.21"]
[White "Valenta, Petr"]
[Black "Skliba, Martin"]
[Result "1-0"]
[WhiteElo "1922"]
[BlackElo "2318"]
[PlyCount "87"]
[EventDate "2008.12.26"]

1. d4 Nf6 2. c4 g6 3. e3 Bg7 4. Be2 O-O 5. h4 d5 6. Nc3 c5 7. h5 cxd4 8. exd4
dxc4 9. hxg6 hxg6 10. Bxc4 Nc6 11. Nge2 e5 12. d5 Na5 13. Bd3 e4 14. Bb1 Re8
15. a3 Nc4 16. Qb3 Ne5 17. Nxe4 Neg4 18. f3 Nxe4 19. Bxe4 Nf6 20. Bg5 Qa5+ 21.
Bd2 Qb6 22. Qxb6 axb6 23. Nc3 Nxe4 24. fxe4 f5 25. O-O-O fxe4 26. Nb5 Bg4 27.
Rde1 Rac8+ 28. Kb1 Rcd8 29. Bg5 Rd7 30. Rh4 Re5 31. Rxg4 Rdxd5 32. Bf4 Re7 33.
a4 Rd3 34. Kc2 Re6 35. Rxe4 Rxe4 36. Kxd3 Rxa4 37. g3 Rb4 38. Nc7 Kf7 39. Rh4
Rxb2 40. Rh7 Rb3+ 41. Kc4 Rc3+ 42. Kb4 Rc5 43. Rxg7+ Kxg7 44. Ne6+ 1-0

[Event "Litomysl 2008"]
[Site "?"]
[Date "2008.12.26"]
[Round "1.22"]
[White "Swicarz, Maciej"]
[Black "Kranjec, Primoz"]
[Result "1-0"]
[WhiteElo "2303"]
[BlackElo "1917"]
[PlyCount "67"]
[EventDate "2008.12.26"]

1. e4 c5 2. Nc3 d6 3. f4 a6 4. Nf3 Nf6 5. d3 g6 6. g3 b5 7. Bg2 Bb7 8. O-O Bg7
9. f5 e6 10. fxe6 fxe6 11. Ng5 Qe7 12. e5 Bxg2 13. exf6 Bxf6 14. Rxf6 Qxf6 15.
Kxg2 O-O 16. Nge4 Qe7 17. Bg5 Qb7 18. Qg4 Rf5 19. Kh3 Qc6 20. Nf6+ Kg7 21. Re1
Nd7 22. Ncd5 h5 23. Nxh5+ Kf7 24. Nhf4 Rh8+ 25. Bh4 g5 26. Rxe6 Rxd5 27. Ng6
Nf6 28. Nxh8+ Kg7 29. Rxf6 Kxf6 30. Qf4+ Kg7 31. Bxg5 Kxh8 32. Qf8+ Kh7 33.
Qf7+ Kh8 34. Bf6# 1-0

[Event "Litomysl 2008"]
[Site "?"]
[Date "2008.12.26"]
[Round "1.28"]
[White "Bures, Jaroslav"]
[Black "Sandor, Lukas"]
[Result "1/2-1/2"]
[WhiteElo "2263"]
[BlackElo "1869"]
[PlyCount "61"]
[EventDate "2008.12.26"]

1. e4 e5 2. Nf3 Nf6 3. Nxe5 d6 4. Nf3 Nxe4 5. d4 d5 6. Bd3 Be7 7. O-O Nc6 8. h3
O-O 9. a3 Bf5 10. c4 dxc4 11. Bxc4 Bf6 12. Be3 Nd6 13. Be2 Re8 14. Nc3 a6 15.
Qb3 g5 16. g4 Bg6 17. Nd5 h6 18. Nxf6+ Qxf6 19. d5 Ne5 20. Nd4 b5 21. a4 Nec4
22. axb5 Nxe3 23. fxe3 Qe5 24. Rf2 axb5 25. Rxa8 Rxa8 26. Nc6 Qg3+ 27. Rg2 Ra1+
28. Bf1 Qf3 29. Rf2 Qg3+ 30. Rg2 Qf3 31. Rf2 1/2-1/2

[Event "Litomysl 2008"]
[Site "?"]
[Date "2008.12.26"]
[Round "1.38"]
[White "Valenta, Vit"]
[Black "Macek, Oldrich"]
[Result "1-0"]
[WhiteElo "2190"]
[BlackElo "1628"]
[PlyCount "45"]
[EventDate "2008.12.26"]

1. e4 c5 2. Nc3 g6 3. Nf3 Bg7 4. d4 cxd4 5. Nxd4 Qb6 6. Ndb5 Bxc3+ 7. Nxc3 a6
8. Be3 Qa5 9. Bd4 Nf6 10. Qd2 e5 11. Be3 Qb4 12. Be2 Nc6 13. O-O Nd4 14. Bd3 d6
15. Bg5 Nh5 16. a3 Qa5 17. b4 Qc7 18. Nd5 Qc6 19. Rab1 Be6 20. c3 Nb5 21. a4
Nc7 22. b5 Qd7 23. Nb6 1-0

[Event "Litomysl 2008"]
[Site "?"]
[Date "2008.12.27"]
[Round "2.1"]
[White "Sergeev, Vladimir"]
[Black "Zvarik, Martin"]
[Result "1-0"]
[WhiteElo "2519"]
[BlackElo "2228"]
[PlyCount "43"]
[EventDate "2008.12.26"]

1. g3 e6 2. Bg2 d5 3. Nf3 Ne7 4. b3 Nf5 5. Bb2 Be7 6. c4 Bf6 7. Bxf6 Qxf6 8.
Nc3 c6 9. e4 dxe4 10. Nxe4 Qd8 11. d4 O-O 12. O-O b6 13. Qc2 Nxd4 14. Nxd4 Qxd4
15. Rad1 Qe5 16. Rfe1 a5 17. f4 Qf5 18. Qf2 Ra6 19. Rd6 c5 20. Nc3 Nd7 21. Qd2
e5 22. Nd5 1-0

[Event "Litomysl 2008"]
[Site "?"]
[Date "2008.12.27"]
[Round "2.2"]
[White "Bujnoch, Radek"]
[Black "Heberla, Bartlomiej"]
[Result "0-1"]
[WhiteElo "2233"]
[BlackElo "2485"]
[PlyCount "74"]
[EventDate "2008.12.26"]

1. e4 c5 2. c3 Qa5 3. Na3 e6 4. Nc4 Qc7 5. d4 cxd4 6. cxd4 d5 7. exd5 exd5 8.
Ne5 Bd6 9. Ngf3 f6 10. Bb5+ Kf8 11. O-O Ne7 12. Nd3 Bg4 13. h3 Bf5 14. Be3 Qa5
15. g4 Bg6 16. a4 a6 17. b4 Qd8 18. Nc5 Bxc5 19. dxc5 axb5 20. axb5 Rxa1 21.
Qxa1 Kf7 22. Rc1 h5 23. Nd4 hxg4 24. c6 Rxh3 25. c7 Qh8 26. Kf1 Nd7 27. Ke2 Ne5
28. c8=Q Nxc8 29. Rc7+ Ne7 30. Qa7 Rxe3+ 31. Kxe3 Qh6+ 32. Ke2 Bd3+ 33. Kd1
Qh1+ 34. Kd2 Nc4+ 35. Rxc4 dxc4 36. Qb6 Qh6+ 37. Kd1 c3 0-1

[Event "Litomysl 2008"]
[Site "?"]
[Date "2008.12.27"]
[Round "2.3"]
[White "Simacek, Pavel"]
[Black "Blazkova, Petra"]
[Result "1-0"]
[WhiteElo "2477"]
[BlackElo "2224"]
[PlyCount "93"]
[EventDate "2008.12.26"]

1. d4 Nf6 2. Nf3 e6 3. Bg5 h6 4. Bh4 b6 5. e3 Bb7 6. Nbd2 Be7 7. c3 d6 8. h3
Nbd7 9. Bg3 O-O 10. Bd3 e5 11. Qc2 exd4 12. exd4 Re8 13. O-O Nf8 14. a4 a5 15.
c4 Nh5 16. Bh2 Bg5 17. d5 Nf4 18. Ne4 Nxd3 19. Qxd3 Bf6 20. Nd4 Bxd4 21. Qxd4
Qe7 22. Rae1 Qd7 23. Bf4 f5 24. Ng3 Ng6 25. Bd2 c5 26. dxc6 Qxc6 27. f3 Re5 28.
Bc3 Qc7 29. f4 Rc5 30. b3 Rf8 31. Re6 Nh4 32. Rxd6 Rf7 33. Rxh6 Rd7 34. Qe3
gxh6 35. Qe8+ Kh7 36. Nh5 Rc6 37. Qh8+ Kg6 38. Qg8+ Rg7 39. Nxg7 Qf7 40. Qxf7+
Kxf7 41. g3 Rg6 42. Kf2 Nf3 43. Nxf5 Ke6 44. g4 Kd7 45. Rd1+ Kc7 46. Rd3 Nh2
47. Be5+ 1-0

[Event "Litomysl 2008"]
[Site "?"]
[Date "2008.12.27"]
[Round "2.4"]
[White "Volodin, Viktor"]
[Black "Petr, Martin"]
[Result "0-1"]
[WhiteElo "2225"]
[BlackElo "2452"]
[PlyCount "194"]
[EventDate "2008.12.26"]

1. Nf3 Nf6 2. c4 g6 3. d4 Bg7 4. g3 d5 5. cxd5 Nxd5 6. Bg2 Nb6 7. Nc3 Nc6 8. e3
O-O 9. O-O Re8 10. Ne1 e5 11. d5 Na5 12. e4 c6 13. Nc2 cxd5 14. exd5 f5 15. Rb1
Nac4 16. b3 Nd6 17. Bb2 Bd7 18. a4 Rc8 19. Na3 Rc5 20. Qd2 e4 21. Rfd1 Qe7 22.
a5 Rxa5 23. Nxe4 Rxa3 24. Nxd6 Qxd6 25. Bxa3 Qxa3 26. d6 Re6 27. Bxb7 Be5 28.
Bd5 Qxd6 29. Bxe6+ Qxe6 30. Re1 Qf6 31. Qe3 Bd6 32. Rbd1 Bb4 33. Qe5 Kg7 34.
Re3 Qxe5 35. Rxe5 Kf6 36. Re3 Be6 37. Red3 a5 38. h4 Nc8 39. Rc1 Nd6 40. f3 h5
41. Rc7 f4 42. Rc6 Nf7 43. gxf4 Kf5 44. Re3 Bd5 45. Rc7 Bd6 46. Rd3 Bxc7 47.
Rxd5+ Kxf4 48. Kg2 Nd8 49. Rg5 Ne6 50. Rxg6 Kf5 51. Rg8 Nf4+ 52. Kg1 Ng6 53.
Rc8 Bd6 54. Rd8 Ke6 55. Ra8 Bb4 56. Rb8 Nxh4 57. Rh8 Nf5 58. Kg2 Nd4 59. Rh6+
Kd7 60. f4 Nxb3 61. Rxh5 a4 62. Rb5 Bd6 63. Rb7+ Kc6 64. Ra7 a3 65. f5 Kb6 66.
Ra4 Kb5 67. Rxa3 Bxa3 68. Kf3 Kc6 69. Kg4 Be7 70. Kh5 Kd6 71. f6 Bxf6 72. Kg4
Ke5 73. Kf3 Bg5 74. Kg4 Bf4 75. Kf3 Nd4+ 76. Kg4 Ke4 77. Kh3 Ne2 78. Kg4 Nc3
79. Kh3 Kf3 80. Kh4 Be3 81. Kh5 Bg1 82. Kh4 Ne4 83. Kh5 Kf4 84. Kg6 Ng5 85. Kf6
Bc5 86. Kg6 Bd4 87. Kh5 Kf5 88. Kh4 Bf2+ 89. Kh5 Be1 90. Kh6 Ne6 91. Kh5 Ng7+
92. Kh6 Kf6 93. Kh7 Bd2 94. Kg8 Kg6 95. Kf8 Bb4+ 96. Kg8 Nf5 97. Kh8 Ba3 0-1

[Event "Litomysl 2008"]
[Site "?"]
[Date "2008.12.27"]
[Round "2.6"]
[White "Blecha, Miroslav"]
[Black "Kanovsky, David"]
[Result "0-1"]
[WhiteElo "2219"]
[BlackElo "2431"]
[PlyCount "110"]
[EventDate "2008.12.26"]

1. e4 c5 2. Nf3 e6 3. d4 cxd4 4. Nxd4 a6 5. c4 Qc7 6. a3 b6 7. Nc3 Bb7 8. Be2
Nf6 9. f3 Be7 10. O-O d6 11. Be3 Nbd7 12. Rc1 O-O 13. Qd2 Rac8 14. Rc2 Qb8 15.
Rfc1 Rfd8 16. Bf1 Ne5 17. Na4 Nfd7 18. Qf2 Bf6 19. b4 h6 20. Nb3 b5 21. cxb5
Rxc2 22. Rxc2 axb5 23. Ba7 Qa8 24. Bxb5 d5 25. exd5 Bxd5 26. Nd2 Bc6 27. Nc3
Rc8 28. Ba6 Rc7 29. Bb6 Nxb6 30. Qxb6 Rd7 31. b5 Bxf3 32. Qf2 Ng4 33. Qxf3 Qa7+
34. Kh1 Nf2+ 35. Kg1 Rd3 36. b6 Qxa6 37. Qc6 Ng4 38. Nb5 Qa4 39. b7 Qf4 40.
b8=Q+ Qxb8 41. Qc8+ Qxc8 42. Rxc8+ Kh7 43. Rc2 Bg5 44. h3 Ne3 45. Ra2 Nxg2 46.
Ne4 Nf4 47. Nxg5+ hxg5 48. a4 Rg3+ 49. Kf1 Rxh3 50. Kg1 Rg3+ 51. Kf1 Rb3 52.
Nd6 Kg6 53. a5 g4 54. a6 g3 55. Ra1 Rb2 0-1

[Event "Litomysl 2008"]
[Site "?"]
[Date "2008.12.27"]
[Round "2.7"]
[White "Popcev, Milko Jordanov"]
[Black "Fuchs, Georg"]
[Result "1/2-1/2"]
[WhiteElo "2426"]
[BlackElo "2210"]
[PlyCount "110"]
[EventDate "2008.12.26"]

1. Nc3 e5 2. Nf3 Nc6 3. d4 exd4 4. Nxd4 Nf6 5. Bg5 h6 6. Bxf6 Qxf6 7. Ndb5 Bc5
8. Ne4 Bb4+ 9. c3 Qe5 10. Nxc7+ Qxc7 11. cxb4 d5 12. Nc3 d4 13. Nb5 Qe5 14. Na3
Bf5 15. Qd2 Qe7 16. g4 Be4 17. Rg1 Ne5 18. Rg3 O-O 19. f4 Ng6 20. f5 Nh4 21.
Kf2 Rad8 22. Rc1 Rfe8 23. Nc4 b5 24. Na5 Qd6 25. Rc5 a6 26. Nb3 d3 27. exd3 Nf3
28. Rxf3 Qxh2+ 29. Bg2 Rxd3 30. Qxd3 Qh4+ 31. Kg1 Bxd3 32. Rxd3 Re1+ 33. Bf1
Qxg4+ 34. Kf2 Rb1 35. Nd2 Qf4+ 36. Nf3 Rxb2+ 37. Be2 Qxb4 38. Rc8+ Kh7 39. Rdd8
g5 40. Rh8+ Kg7 41. Rcg8+ Kf6 42. Rxh6+ Ke7 43. f6+ Kd6 44. Rxg5 Qe4 45. Ng1
Qd4+ 46. Kf3 Rxa2 47. Rhh5 Qxf6+ 48. Kg2 Qe6 49. Kf2 Qe4 50. Rf5 Qd4+ 51. Kg2
Qe4+ 52. Kf2 Qd4+ 53. Kg2 Qe4+ 54. Kf2 Qd4+ 55. Kg2 Qe4+ 1/2-1/2

[Event "Litomysl 2008"]
[Site "?"]
[Date "2008.12.27"]
[Round "2.8"]
[White "Krondraf, Karel"]
[Black "Chojnacki, Krzysztof"]
[Result "0-1"]
[WhiteElo "2214"]
[BlackElo "2426"]
[PlyCount "58"]
[EventDate "2008.12.26"]

1. e4 e5 2. Nf3 Nc6 3. Bb5 a6 4. Ba4 Nf6 5. O-O Be7 6. Re1 b5 7. Bb3 d6 8. a4
Bg4 9. c3 O-O 10. d3 Na5 11. Ba2 c5 12. h3 Bd7 13. Nbd2 Qc7 14. axb5 axb5 15.
Nf1 c4 16. Bg5 h6 17. Bxf6 Bxf6 18. b4 cxb3 19. Bxb3 Qxc3 20. Bd5 Rac8 21. Ne3
Nc6 22. Rc1 Qa5 23. Qb3 Nd4 24. Nxd4 exd4 25. Nf5 Bxf5 26. exf5 Rc3 27. Bxf7+
Kh8 28. Qe6 Qc7 29. Rxc3 dxc3 0-1

[Event "Litomysl 2008"]
[Site "?"]
[Date "2008.12.27"]
[Round "2.9"]
[White "Luch, Michal"]
[Black "Valenta, Vit"]
[Result "1-0"]
[WhiteElo "2411"]
[BlackElo "2190"]
[PlyCount "53"]
[EventDate "2008.12.26"]

1. Nc3 e5 2. Nf3 Nc6 3. d4 exd4 4. Nxd4 Nxd4 5. Qxd4 Nf6 6. e4 d6 7. Bg5 Be7 8.
O-O-O O-O 9. e5 dxe5 10. Qxe5 Bd6 11. Qd4 Be7 12. Qh4 Qe8 13. Ne4 Qc6 14. Bd3
h6 15. Rhe1 Bd8 16. Nxf6+ Bxf6 17. Bxf6 Qxf6 18. Qxf6 gxf6 19. Re7 c6 20. Bc4
Kg7 21. Rd3 f5 22. Rd6 a5 23. Be2 a4 24. Bh5 Ra5 25. Rg6+ Kh7 26. Rf6 Kg8 27.
Bxf7+ 1-0

[Event "Litomysl 2008"]
[Site "?"]
[Date "2008.12.27"]
[Round "2.12"]
[White "Zeberski, Jakub"]
[Black "Cuhra, Martin"]
[Result "1-0"]
[WhiteElo "2398"]
[BlackElo "2168"]
[PlyCount "85"]
[EventDate "2008.12.26"]

1. e4 d5 2. exd5 Nf6 3. Bb5+ Bd7 4. Bc4 Bf5 5. Nc3 Nbd7 6. Nf3 Nb6 7. b3 Nfxd5
8. Nxd5 Nxd5 9. Bb2 e6 10. O-O Be7 11. Bxg7 Rg8 12. Be5 c6 13. Be2 Bf6 14. g3
h5 15. Re1 h4 16. Bf1 Bg4 17. d4 Bxe5 18. dxe5 hxg3 19. hxg3 Qb6 20. c4 Nb4 21.
Bg2 Bxf3 22. Bxf3 Rxg3+ 23. Kf1 Rg7 24. Qd2 Rd8 25. Qh6 Rg6 26. Qh8+ Ke7 27.
Qh4+ Ke8 28. Rad1 Nc2 29. Rxd8+ Qxd8 30. Qxd8+ Kxd8 31. Rd1+ Ke7 32. Be4 Rg5
33. Bxc2 Rxe5 34. Re1 Ra5 35. a4 Rh5 36. Ke2 a5 37. Bd3 Rh3 38. Rg1 Rh8 39. Rg5
Ra8 40. Ke3 Kf6 41. Rh5 Ra6 42. Kd4 b6 43. c5 1-0

[Event "Litomysl 2008"]
[Site "?"]
[Date "2008.12.27"]
[Round "2.13"]
[White "Svana, Peter"]
[Black "Bronowicki, Mateusz"]
[Result "0-1"]
[WhiteElo "2186"]
[BlackElo "2366"]
[PlyCount "102"]
[EventDate "2008.12.26"]

1. Nf3 Nf6 2. c4 b6 3. g3 Bb7 4. Bg2 e6 5. O-O Be7 6. Nc3 O-O 7. Re1 Ne4 8.
Nxe4 Bxe4 9. d3 Bb7 10. e4 c5 11. d4 cxd4 12. Nxd4 d6 13. b3 a6 14. Ba3 Qc7 15.
Rc1 Nd7 16. f4 Rfe8 17. Bb2 Bf8 18. Kh1 Rad8 19. Rc3 Qb8 20. g4 e5 21. Nf5 g6
22. Ne3 exf4 23. Nd5 Bxd5 24. Qxd5 Bg7 25. Rf1 Nf6 26. Qd3 Nxg4 27. Rxf4 Bxc3
28. Bxc3 Ne5 29. Qh3 h5 30. Qg3 Qc7 31. Rf6 Qe7 32. Rf1 b5 33. cxb5 axb5 34.
Bd2 Ra8 35. Bg5 Qe6 36. Rf6 Qg4 37. Rf2 Qxg3 38. hxg3 Ng4 39. Rd2 Rac8 40. Bf3
Rc3 41. Kg2 Rec8 42. Bd1 f6 43. Bf4 g5 44. Bxd6 Rd8 45. Bxg4 hxg4 46. Rd5 Rc2+
47. Kf1 Rxa2 48. b4 Kf7 49. Bc5 Rxd5 50. exd5 Rd2 51. d6 Ke6 0-1